00616nam a2200193Ia 4500008004100000050001300041050001500054100003100069245011000100245003100210260003100241260001000272260001000282300001500292300002000307300001100327500005600338521002800394170504s9999 xx 000 0 und d aQA 76.9  b.C167 2016 aCalvento, Maria Carmela M. aE-recruitment usage of human resource management practitioners in educational and financial institution / cMaria Carmela M. Calvento. aLas Piñas, Philippines : bSISC, c2016. a67 pages : billustrations ; c28 cm. aIncludes bibliographical references and appendices. aBusiness Administration